000 00654nam a2200229 i 4500
001 79714
003 ES-MaACL
005 20250829112156.0
007 t|
008 041022s1972 sp ||||1| spa d
100 1 _aHertz, Herbert.
_963402
245 1 0 _aGrafología /
_cpor Herbert Hertz ; [traducción de Alexandre Ferrer].
250 _a1ª ed.].
260 _aBarcelona :
_bOikos-Tau,
_c1972.
300 _a120 p. ;
_c18 cm.
490 1 _a¿Qué sé? ;
_v74
650 _aGrafología.
_913152
700 1 _aFerrer, Alexandre.
_950405
830 1 _a¿Qué sé?
_v74
_9181382
852 4 _aES-MaACL
_jC-44432
999 _c79714
_d79714